000 01335cam a2200397 a 4500
001 61758658
003 SIRSI
005 20210202204247.0
008 050924s2006 mnua b 001 0 spa
010 _a 2005042404
020 _a0736859950 (hbk.)
020 _a9780736859950 (hbk.)
020 _a0736830863 (pbk.)
020 _a9780736830867 (pbk.)
040 _aDLC
_cDLC
_dBAKER
_dCMI
_dBTCTA
_dTEF
_dJQP
041 1 _aspa
_heng
042 _apcc
050 1 0 _aGB662.3
_b.T7818 2006
100 1 _aTrumbauer, Lisa,
_d1963-
240 1 0 _aWater.
_lSpanish.
245 1 0 _aAgua /
_cpor Lisa Trumbauer ; [adapted translations, Gloria Ramos].
250 _aSpanish ed.
260 _aBloomington, Minn. :
_bRed Brick Learning :
_bCapstone Press,
_cc2006.
300 _a18 p. :
_bcol. ill. ;
_c21 cm.
440 0 _aYellow Umbrella Books for early readers.
_nNivel A.
_pCiencia.
440 0 _aYellow umbrella books for early readers.
_nLevel B,
_pScience.
500 _aIncludes index.
500 _aTranslation of: Water.
520 _aDecribes the different forms that water can take.
546 _aText in Spanish.
650 0 _aWater
_vJuvenile literature.
650 0 _aSpanish language
_vTexts
_vJuvenile literature.
700 1 _aRamos, Gloria.
830 0 _aYellow Umbrella Books.
_pScience.
_pSpanish.
942 _cBK
999 _c24816
_d24816